LEADER 01239nam a2200241 i 4500 001 000000106373 003 CaOOAMICUS 005 20060706000000.0 008 060706s1973 it u000 u ita u 013 $a78567 040 $aSeMil$bita 100 1 $aValentini, Eugenio,$c.$0(OLS)http://semarc/name/28860 245 13$aIl Messaggio dell'Amore Infinito nella spiritualitą sacerdotale di M. Luisa Margherita Claret de la Touche /$cEugenio Valentini. 260 $a[Roma] :$bPro Sanctitate,$c(Stampa 1973) 300 $a493 p. ;$c22 cm. + [1] libretto. 500 $aContiene : L'Autobiografia (1868-1896) ; La Biografia (1896-1915) ; Il suo Messaggio ; Dono del Card. Dionigi Tettamanzi. 650 4$aClaret de la Touche, Luisa Margherita - Scritti.$0(OLS)http://semarc/subject/18497 850 $aSeMil 852 $aSeMil$W1$xVenegono$y1$m3J III 299$j62510$B62510$CSeMilBibl$Z2$F71674 $81 941 1 $a5 961 $aOmaggio: Tettamanzi Card. Dionigi 996 $6245$aIl Messaggio dell'Amore Infinito nella spiritualitą sacerdotale di M. Luisa Margherita Claret de la Touche$9(OLS)http://semarc/title/154232 996 $6260$a[Roma] :$bPro Sanctitate$9(OLS)http://semarc/publisher/32787 LEADER 00670nab a2200193 i 4500 001 000000312996 003 CaOOAMICUS 005 20180831173103.0 008 180831n xx uu u0 0und r 013 $a22088 040 $aSeMil$bita 100 0 $aPius XI,$c.$0(OLS)http://semarc/name/3465 245 13$aUn documento pontificio intorno ai Seminari: 1 agosto 1922. 773 0 $t[Luglio-Dicembre].$g231-236$w()274188 900 1 $aRatti, Achille,$d<1857-1939>. 900 0 $aPio XI$c. 996 $6245$aUn documento pontificio intorno ai Seminari: 1 agosto 1922$9(OLS)http://semarc/title/387325